[Event "London Classic op 4th"]
[Site "London"]
[Date "2012.12.04"]
[Round "4"]
[White "Dole, Anant"]
[Black "Ferguson, Mark"]
[Result "0-1"]
[WhiteElo "2138"]
[BlackElo "2402"]
[PlyCount "126"]
[EventDate "2012.12.01"]
[EventType "swiss"]
[EventRounds "9"]
[EventCountry "ENG"]
[SourceTitle "CBM 151 Extra"]
[Source "ChessBase"]
[SourceDate "2012.12.18"]
[SourceVersion "1"]
[SourceVersionDate "2012.12.18"]
[SourceQuality "1"]

1. e4 e5 2. Nf3 Nc6 3. Bb5 a6 4. Ba4 Nf6 5. 0-0 Be7 6. d3 d6 7. c3 0-0 8. Nbd2 Re8 9. Re1 b5 10. Bc2 Bf8 11. a4 Bb7 12. Nf1 h6 13. Ng3 d5 14. Qe2 Qd7 15. Nf5 Nd8 16. N3h4 Kh8 17. Qf3 Ng8 18. g4 Ne6 19. g5 Nxg5 20. Bxg5 hxg5 21. Qh5+ Nh6 22. Qxg5 Nxf5 23. exf5 Be7 24. Qh5+ Kg8 25. Nf3 Bf6 26. d4 e4 27. Ng5 Bxg5 28. Qxg5 f6 29. Qf4 c6 30. axb5 axb5 31. Rxa8 Rxa8 32. Bb3 Kf8 33. f3 exf3 34. Qxf3 Re8 35. Ra1 Bc8 36. Bc2 Qe7 37. Kf2 b4 38. Bd3 bxc3 39. bxc3 Qb7 40. Rb1 Qa7 41. Qh5 Qe7 42. Qh8+ Kf7 43. Qh5+ Kg8 44. Qf3 Qa3 45. Qh5 Bd7 46. Rg1 Re7 47. Rb1 Qd6 48. Qh4 Be8 49. Re1 Rxe1 50. Kxe1 Bd7 51. Qg3 Qa3 52. Qb8+ Kh7 53. Kd2 Qa2+ 54. Ke3 Qa1 55. Qd8 Qe1+ 56. Kf3 Qxc3 57. Ke2 Qb2+ 58. Ke3 Qb7 59. Qe7 Qc8 60. Kf4 Qb8+ 61. Kf3 Be8 62. Kg4 Bh5+ 63. Kh3 Qf4 0-1

[Event "London Classic op 4th"]
[Site "London"]
[Date "2012.12.03"]
[Round "3"]
[White "Gullaksen, Eirik Tvedt"]
[Black "Dole, Anant"]
[Result "1/2-1/2"]
[WhiteElo "2384"]
[BlackElo "2138"]
[PlyCount "88"]
[EventDate "2012.12.01"]
[EventType "swiss"]
[EventRounds "9"]
[EventCountry "ENG"]
[SourceTitle "CBM 151 Extra"]
[Source "ChessBase"]
[SourceDate "2012.12.18"]
[SourceVersion "1"]
[SourceVersionDate "2012.12.18"]
[SourceQuality "1"]

1. d4 d5 2. c4 c6 3. Nf3 Nf6 4. Nc3 dxc4 5. a4 Bf5 6. Ne5 Na6 7. e3 Nb4 8. Bxc4 e6 9. 0-0 Bd6 10. Qe2 h6 11. e4 Bh7 12. f4 Bc7 13. Rd1 0-0 14. f5 exf5 15. Nxf7 Rxf7 16. Bxf7+ Kxf7 17. Qc4+ Nbd5 18. exd5 cxd5 19. Qb4 Qd7 20. Re1 f4 21. Qb5 Qd6 22. Re5 Bb6 23. Bxf4 Bxd4+ 24. Kh1 b6 25. Re4 Qc5 26. Re2 Rd8 27. Be5 Be3 28. Bxf6 gxf6 29. Rd1 Bd4 30. Red2 Bxc3 31. bxc3 Be4 32. Qxc5 bxc5 33. Rb2 Rd7 34. Rb5 Rc7 35. Kg1 Ke6 36. Rd2 Ke5 37. Kf2 f5 38. Rdb2 d4 39. cxd4+ Kxd4 40. Rd2+ Bd3 41. Ke1 Ke3 42. Rb8 c4 43. Rf2 Be4 44. Re2+ Kd4 1/2-1/2

[Event "London Classic op 4th"]
[Site "London"]
[Date "2012.12.01"]
[Round "1"]
[White "Dole, Anant"]
[Black "Miu, Marinel"]
[Result "1-0"]
[WhiteElo "2138"]
[BlackElo "1631"]
[PlyCount "41"]
[EventDate "2012.12.01"]
[EventType "swiss"]
[EventRounds "9"]
[EventCountry "ENG"]
[SourceTitle "CBM 151 Extra"]
[Source "ChessBase"]
[SourceDate "2012.12.18"]
[SourceVersion "1"]
[SourceVersionDate "2012.12.18"]
[SourceQuality "1"]

1. e4 e6 2. d4 d5 3. Nd2 f5 4. exf5 exf5 5. Bd3 Nf6 6. Ne2 Ne4 7. Nf4 Qd6 8. 0-0 Be7 9. c4 c6 10. cxd5 cxd5 11. Nxe4 fxe4 12. Bb5+ Kd8 13. Qb3 Be6 14. Re1 Bf7 15. Rxe4 g5 16. Rxe7 Kxe7 17. Bd2 a5 18. Re1+ Kf6 19. Nd3 Nc6 20. Ne5 h6 21. Qf3+ 1-0

[Event "RSA-ch 45th"]
[Site "Cape Town"]
[Date "2011.12.03"]
[Round "9"]
[White "Dole, Anant"]
[Black "Kobese, Watu"]
[Result "0-1"]
[WhiteElo "2113"]
[BlackElo "2355"]
[PlyCount "100"]
[EventDate "2011.11.26"]
[EventType "tourn"]
[EventRounds "11"]
[EventCountry "RSA"]
[SourceTitle "CBM 145 Extra"]
[Source "ChessBase"]
[SourceDate "2012.01.03"]
[SourceVersion "1"]
[SourceVersionDate "2012.01.03"]
[SourceQuality "1"]

1. e4 e6 2. d4 d5 3. Nd2 Nf6 4. e5 Nfd7 5. Bd3 c5 6. c3 b6 7. f4 Ba6 8. Bb1 Nc6 9. Ndf3 cxd4 10. cxd4 Bb4+ 11. Kf2 Rc8 12. Ne2 f6 13. g3 0-0 14. Kg2 Qe8 15. a3 Be7 16. exf6 Bxf6 17. Re1 g6 18. Nc3 Qf7 19. Ba2 Kh8 20. Be3 Na5 21. Rc1 Nc4 22. Qa4 Nb8 23. Bxc4 Rxc4 24. Qd1 Rfc8 25. Ne5 Bxe5 26. fxe5 Rf8 27. Rc2 Qe7 28. Qd2 Qf7 29. Qd1 Qe7 30. Qc1 Nd7 31. Bg5 Qf7 32. Qe3 Qf5 33. Rd2 Rcc8 34. Bf6+ Nxf6 35. exf6 Rxf6 36. Rf2 Qxf2+ 37. Qxf2 Rxf2+ 38. Kxf2 Rf8+ 39. Ke3 Kg7 40. Ne2 Bxe2 41. Rxe2 Rc8 42. Kd3 Kf6 43. g4 Ke7 44. g5 h6 45. gxh6 Rh8 46. Ke3 Rxh6 47. Kf4 Rh4+ 48. Kg5 Rxd4 49. Kxg6 Rg4+ 50. Kh5 Rg8 0-1

[Event "RSA-ch 45th"]
[Site "Cape Town"]
[Date "2011.12.03"]
[Round "10"]
[White "Van Rensburg, Ryan Pierre"]
[Black "Dole, Anant"]
[Result "1/2-1/2"]
[WhiteElo "2103"]
[BlackElo "2113"]
[PlyCount "31"]
[EventDate "2011.11.26"]
[EventType "tourn"]
[EventRounds "11"]
[EventCountry "RSA"]
[SourceTitle "CBM 145 Extra"]
[Source "ChessBase"]
[SourceDate "2012.01.03"]
[SourceVersion "1"]
[SourceVersionDate "2012.01.03"]
[SourceQuality "1"]

1. c4 c6 2. Nf3 Nf6 3. Qb3 d5 4. d4 dxc4 5. Qxc4 Bf5 6. Nc3 e6 7. g3 Nbd7 8. Bg2 Be7 9. 0-0 0-0 10. Re1 Bg6 11. e4 b5 12. Qxc6 b4 13. e5 Rc8 14. Qa6 bxc3 15. exf6 cxb2 16. Bxb2 1/2-1/2

[Event "Commonwealth-ch RSA op"]
[Site "Gauteng"]
[Date "2011.07.01"]
[Round "9"]
[White "Dole, Anant"]
[Black "Kobese, Watu"]
[Result "0-1"]
[WhiteElo "2103"]
[BlackElo "2355"]
[PlyCount "52"]
[EventDate "2011.06.25"]
[EventType "swiss"]
[EventRounds "11"]
[EventCountry "RSA"]
[SourceTitle "CBM 143 Extra"]
[Source "ChessBase"]
[SourceDate "2011.08.29"]
[SourceVersion "1"]
[SourceVersionDate "2011.08.29"]
[SourceQuality "1"]

1. e4 c5 2. Nf3 Nc6 3. Nc3 Nd4 4. Bc4 e6 5. 0-0 a6 6. a4 Ne7 7. d3 Nec6 8. Nxd4 cxd4 9. Ne2 Bc5 10. Bd2 0-0 11. Ng3 Ne5 12. Bb3 Qh4 13. h3 Kh8 14. f4 Nxd3 15. cxd3 Qxg3 16. Be1 Qg6 17. f5 Qg5 18. Bd2 Qe7 19. Qh5 Bd6 20. Rae1 f6 21. e5 Bxe5 22. fxe6 dxe6 23. Bf4 Bxf4 24. Rxf4 e5 25. Rh4 g5 26. Rhe4 Bf5 0-1

[Event "Commonwealth-ch RSA op"]
[Site "Gauteng"]
[Date "2011.06.30"]
[Round "8"]
[White "Meenakshi, Subbaraman"]
[Black "Dole, Anant"]
[Result "1/2-1/2"]
[WhiteElo "2317"]
[BlackElo "2103"]
[PlyCount "98"]
[EventDate "2011.06.25"]
[EventType "swiss"]
[EventRounds "11"]
[EventCountry "RSA"]
[SourceTitle "CBM 143 Extra"]
[Source "ChessBase"]
[SourceDate "2011.08.29"]
[SourceVersion "1"]
[SourceVersionDate "2011.08.29"]
[SourceQuality "1"]

1. d4 d5 2. c4 c6 3. e3 Nf6 4. Nf3 Bg4 5. Be2 e6 6. Nc3 Nbd7 7. h3 Bxf3 8. gxf3 Be7 9. e4 dxc4 10. Bxc4 b5 11. Bb3 b4 12. Ne2 0-0 13. Rg1 Re8 14. Bh6 g6 15. Nf4 Bf8 16. Bxf8 Nxf8 17. e5 Nd5 18. Qd2 Nxf4 19. Qxf4 a5 20. Ba4 Qd5 21. Rc1 Rac8 22. Bb3 Qd7 23. Rc5 Red8 24. Rxa5 Qxd4 25. Qxd4 Rxd4 26. Rg4 Rcd8 27. Ra8 Rxg4 28. Rxd8 Rh4 29. Ba4 c5 30. Rc8 Rxh3 31. Ke2 g5 32. Bc2 Rh1 33. Rxc5 Ra1 34. Rb5 Rxa2 35. Rxb4 h5 36. f4 g4 37. Kf1 Kg7 38. f5 exf5 39. Bxf5 Ra5 40. Re4 Rb5 41. b4 Ne6 42. Kg2 Kh6 43. Bxe6 fxe6 44. f3 Kg5 45. fxg4 hxg4 46. Kg3 Kf5 47. Rxg4 Rxe5 48. Rf4+ Kg5 49. Kf3 Rf5 1/2-1/2

[Event "Commonwealth op"]
[Site "Singapore"]
[Date "2009.12.14"]
[Round "9"]
[White "Dole, Anant"]
[Black "Thakur, Akash"]
[Result "1-0"]
[WhiteElo "2068"]
[BlackElo "2368"]
[PlyCount "76"]
[EventDate "2009.12.10"]
[EventType "swiss"]
[EventRounds "9"]
[EventCountry "SIN"]
[SourceTitle "CBM 133 Extra"]
[Source "ChessBase"]
[SourceDate "2010.01.05"]
[SourceVersion "1"]
[SourceVersionDate "2010.01.05"]
[SourceQuality "1"]

1. e4 e5 2. Nf3 Nc6 3. Bb5 a6 4. Ba4 Nf6 5. 0-0 Be7 6. Re1 b5 7. Bb3 d6 8. c3 0-0 9. h3 Na5 10. Bc2 c5 11. d4 Qc7 12. d5 Nc4 13. a4 Nb6 14. b3 Ne8 15. a5 Nd7 16. c4 b4 17. Nh2 Qd8 18. Rf1 Bg5 19. Bxg5 Qxg5 20. Qd2 Qe7 21. Ng4 Ndf6 22. Nxf6+ Nxf6 23. Qe2 g6 24. Nd2 Nh5 25. Nf3 f5 26. Rae1 Qf6 27. Kh2 Nf4 28. Qe3 Ra7 29. h4 Nh5 30. Qg5 fxe4 31. Qxf6 Nxf6 32. Bxe4 Raf7 33. Bb1 Kg7 34. Kg1 h6 35. Nd2 Bf5 36. f3 Ne8 37. Ne4 Bxe4 38. Bxe4 Nf6 1-0

[Event "Commonwealth op"]
[Site "Singapore"]
[Date "2009.12.12"]
[Round "5"]
[White "Dole, Anant"]
[Black "Lee, Kim Han Edward"]
[Result "0-1"]
[WhiteElo "2068"]
[BlackElo "2114"]
[PlyCount "52"]
[EventDate "2009.12.10"]
[EventType "swiss"]
[EventRounds "9"]
[EventCountry "SIN"]
[SourceTitle "CBM 133 Extra"]
[Source "ChessBase"]
[SourceDate "2010.01.05"]
[SourceVersion "1"]
[SourceVersionDate "2010.01.05"]
[SourceQuality "1"]

1. e4 c5 2. Nf3 d6 3. d4 cxd4 4. Nxd4 Nf6 5. Nc3 a6 6. Be3 e5 7. Nb3 Be6 8. f3 Nbd7 9. Qd2 b5 10. 0-0-0 Rc8 11. g4 Nb6 12. g5 Nh5 13. Kb1 Be7 14. Qf2 Nc4 15. Bxc4 bxc4 16. Nc5 0-0 17. Rhg1 g6 18. a3 Nf4 19. Bxf4 exf4 20. Nxe6 fxe6 21. Qa7 Rc6 22. e5 d5 23. Ne4 Rb6 24. a4 Rf7 25. a5 Rxb2+ 26. Kc1 Ba3 0-1

[Event "Commonwealth op"]
[Site "Singapore"]
[Date "2009.12.11"]
[Round "3"]
[White "Dole, Anant"]
[Black "Konguvel, Ponnuswamy"]
[Result "0-1"]
[WhiteElo "2068"]
[BlackElo "2444"]
[PlyCount "50"]
[EventDate "2009.12.10"]
[EventType "swiss"]
[EventRounds "9"]
[EventCountry "SIN"]
[SourceTitle "CBM 133 Extra"]
[Source "ChessBase"]
[SourceDate "2010.01.05"]
[SourceVersion "1"]
[SourceVersionDate "2010.01.05"]
[SourceQuality "1"]

1. e4 c5 2. Nf3 e6 3. d4 cxd4 4. Nxd4 Nc6 5. Nc3 Qc7 6. Be3 a6 7. Qd2 Nf6 8. f3 h5 9. 0-0-0 Be7 10. h3 b5 11. Be2 h4 12. Nb3 Ne5 13. Qd4 d6 14. a3 Bd7 15. f4 Nc4 16. Bxc4 bxc4 17. Nd2 Rc8 18. e5 dxe5 19. fxe5 Nd5 20. Nde4 Nxe3 21. Qxe3 Qxe5 22. Qa7 Qc7 23. Qxa6 0-0 24. Nd6 Rb8 25. Nxc4 Bb5 0-1

[Event "Commonwealth op"]
[Site "Singapore"]
[Date "2009.12.10"]
[Round "1"]
[White "Dole, Anant"]
[Black "Gokhale, Chandrashekhar"]
[Result "0-1"]
[WhiteElo "2068"]
[BlackElo "2259"]
[PlyCount "108"]
[EventDate "2009.12.10"]
[EventType "swiss"]
[EventRounds "9"]
[EventCountry "SIN"]
[SourceTitle "CBM 133 Extra"]
[Source "ChessBase"]
[SourceDate "2010.01.05"]
[SourceVersion "1"]
[SourceVersionDate "2010.01.05"]
[SourceQuality "1"]

1. e4 e5 2. Nf3 Nc6 3. Bb5 a6 4. Ba4 Nf6 5. 0-0 b5 6. Bb3 Bb7 7. Re1 Bc5 8. c3 d6 9. d4 Bb6 10. a4 h6 11. Na3 0-0 12. Be3 bxa4 13. Bxa4 Ng4 14. Bc1 exd4 15. cxd4 Nxd4 16. Nxd4 Qh4 17. Be3 Qxh2+ 18. Kf1 Bxe4 19. f3 Qh1+ 20. Bg1 Bxd4 21. Qxd4 Bxf3 22. gxf3 Qxf3+ 23. Bf2 c5 24. Qd2 Qh3+ 25. Ke2 Nxf2 26. Kxf2 Qh4+ 27. Kf1 Qxa4 28. Rad1 d5 29. Qxd5 Qf4+ 30. Kg2 Rab8 31. Nc4 Rbd8 32. Nd6 Rb8 33. b3 Qg4+ 34. Kf2 Rb4 35. Re4 Rxe4 36. Nxe4 Re8 37. Ng3 Re6 38. Rd3 Rf6+ 39. Rf3 Rxf3+ 40. Qxf3 Qd4+ 41. Qe3 Kf8 42. Qxd4 cxd4 43. Nf5 d3 44. Ke3 g6 45. Nd4 Ke7 46. Kxd3 Kd6 47. b4 f5 48. b5 axb5 49. Nxb5+ Ke5 50. Ke3 g5 51. Nc3 f4+ 52. Kf3 h5 53. Ne2 g4+ 54. Kf2 h4 0-1

[Event "Wch U20"]
[Site "Puerto Madryn"]
[Date "2009.10.23"]
[Round "2"]
[White "Dole, Anant"]
[Black "Kokol, Peter"]
[Result "0-1"]
[WhiteElo "2068"]
[BlackElo "2322"]
[PlyCount "76"]
[EventDate "2009.10.22"]
[EventType "swiss"]
[EventRounds "13"]
[EventCountry "ARG"]
[SourceTitle "EXT 2010"]
[Source "ChessBase"]
[SourceDate "2010.11.25"]
[SourceVersion "1"]
[SourceVersionDate "2010.11.25"]
[SourceQuality "1"]

1. e4 c5 2. Nf3 Nc6 3. Nc3 d6 4. d4 cxd4 5. Nxd4 Nf6 6. Bg5 e6 7. Qd2 a6 8. 0-0-0 Bd7 9. f3 Be7 10. Be3 Rc8 11. Kb1 Na5 12. g4 b5 13. a3 Nc4 14. Bxc4 Rxc4 15. g5 Nh5 16. f4 Nxf4 17. Bxf4 e5 18. Be3 exd4 19. Bxd4 Bxg5 20. Qf2 0-0 21. Rhg1 f6 22. h4 Bh6 23. Qg3 Qe7 24. Nd5 Qxe4 25. Bxf6 Bg4 26. Nc3 Qb7 27. Rxd6 Rxf6 28. Rxf6 gxf6 29. b3 Rd4 30. Ne2 Re4 31. Qf3 f5 32. Qxf5 Bg7 33. Rxg4 Rxe2 34. Rxg7+ Qxg7 35. Qc8+ Kf7 36. Qf5+ Ke7 37. Qc5+ Kf6 38. Qd4+ Re5 0-1

[Event "Dos Hermanas Internet qual-C 10th"]
[Site "ICC INT"]
[Date "2009.03.14"]
[Round "3"]
[White "Dole, Anant"]
[Black "Barbosa, Oliver"]
[Result "1-0"]
[WhiteElo "2035"]
[BlackElo "2435"]
[PlyCount "65"]
[EventDate "2009.03.14"]
[EventType "swiss (blitz)"]
[EventRounds "12"]
[EventCountry "ESP"]
[SourceTitle "CBM 129 Extra"]
[Source "ChessBase"]
[SourceDate "2009.05.05"]
[SourceVersion "2"]
[SourceVersionDate "2009.05.20"]
[SourceQuality "1"]

1. e4 c5 2. Nf3 d6 3. d4 cxd4 4. Nxd4 Nf6 5. Nc3 a6 6. Qf3 e6 7. g4 Qc7 8. g5 Nfd7 9. Be3 b5 10. a3 Bb7 11. Qh3 g6 12. Be2 Nc5 13. f3 Nc6 14. 0-0-0 b4 15. axb4 Nxb4 16. Kb1 Rd8 17. Qg3 Bg7 18. h4 Qa5 19. h5 Na4 20. Nxa4 Qxa4 21. Bc4 Bxd4 22. Bb3 Qxb3 23. cxb3 Bxe3 24. Rxd6 0-0 25. Rxd8 Rxd8 26. Qc7 Bxg5 27. Qxb7 a5 28. Qb6 Rd2 29. Qxa5 Nd3 30. Qxg5 Rxb2+ 31. Ka1 Rxb3 32. Qd8+ Kg7 33. h6# 1-0

[Event "Dos Hermanas Internet qual-C 10th"]
[Site "ICC INT"]
[Date "2009.03.14"]
[Round "10"]
[White "Dole, Anant"]
[Black "Belezky, Alexander"]
[Result "1-0"]
[WhiteElo "2035"]
[BlackElo "2467"]
[PlyCount "101"]
[EventDate "2009.03.14"]
[EventType "swiss (blitz)"]
[EventRounds "12"]
[EventCountry "ESP"]
[SourceTitle "CBM 129 Extra"]
[Source "ChessBase"]
[SourceDate "2009.05.05"]
[SourceVersion "2"]
[SourceVersionDate "2009.05.20"]
[SourceQuality "1"]

1. e4 c5 2. Nf3 a6 3. c4 Nc6 4. Nc3 g6 5. d4 cxd4 6. Nxd4 Bg7 7. Be3 d6 8. Be2 Nf6 9. 0-0 0-0 10. Rc1 Bd7 11. f3 Nxd4 12. Bxd4 Qa5 13. a3 Rfc8 14. Kh1 Be6 15. Nd5 Nxd5 16. exd5 Bd7 17. Bxg7 Kxg7 18. Qd4+ Kg8 19. Bd3 Qc5 20. Qh4 Re8 21. Rfe1 e6 22. b4 Qa7 23. Qf6 Qf2 24. Re2 Qb6 25. Rce1 Qd8 26. Qf4 e5 27. Qg3 Rc8 28. h4 b5 29. Rc1 bxc4 30. Bxc4 Bb5 31. Rec2 Bxc4 32. Rxc4 Rxc4 33. Rxc4 Qb8 34. h5 Rc8 35. Qg4 f5 36. Rxc8+ Qxc8 37. Qg5 Qe8 38. Qf6 gxh5 39. Qxf5 Qa4 40. Qe6+ Kg7 41. Qe7+ Kg8 42. Qg5+ Kf8 43. Qf6+ Kg8 44. Qxd6 Qd1+ 45. Kh2 Qe1 46. Qd8+ Kg7 47. Qg5+ Kf8 48. d6 h4 49. d7 Qg3+ 50. Qxg3 Ke7 51. Qxh4+ 1-0

[Event "Dos Hermanas Internet qual-C 10th"]
[Site "ICC INT"]
[Date "2009.03.14"]
[Round "4"]
[White "Vovk, Yuri"]
[Black "Dole, Anant"]
[Result "1-0"]
[WhiteElo "2545"]
[BlackElo "2035"]
[PlyCount "135"]
[EventDate "2009.03.14"]
[EventType "swiss (blitz)"]
[EventRounds "12"]
[EventCountry "ESP"]
[SourceTitle "CBM 129 Extra"]
[Source "ChessBase"]
[SourceDate "2009.05.05"]
[SourceVersion "2"]
[SourceVersionDate "2009.05.20"]
[SourceQuality "1"]

1. e4 e6 2. d4 d5 3. Nd2 c5 4. Ngf3 cxd4 5. Nxd4 Nf6 6. e5 Nfd7 7. N2f3 Nc6 8. Nxc6 bxc6 9. Bd3 c5 10. c4 Bb7 11. cxd5 Bxd5 12. 0-0 Be7 13. Re1 0-0 14. Qc2 h6 15. Nd2 Qc7 16. Bh7+ Kh8 17. Be4 Nxe5 18. Bxd5 exd5 19. Qf5 Bd6 20. Nf1 Rae8 21. Bf4 d4 22. Kh1 Nc4 23. b3 Bxf4 24. bxc4 Be5 25. Nd2 d3 26. Rad1 Bd4 27. Nf3 Bxf2 28. Rf1 Be3 29. Rxd3 Qc6 30. Ne5 Qe6 31. Rxe3 Qxf5 32. Rxf5 f6 33. Ng6+ Kg8 34. Rxe8 Rxe8 35. h4 Re1+ 36. Kh2 Re2 37. h5 Rxa2 38. Rxc5 Ra6 39. Rc8+ Kf7 40. c5 Ke6 41. c6 Kd5 42. Rg8 Kc5 43. Rxg7 Kxc6 44. Rh7 Kd5 45. Rxh6 Ke4 46. Rh7 Kf5 47. Re7 Kg4 48. Re4+ Kxh5 49. Rh4+ Kxg6 50. Rg4+ Kf7 51. Rg3 Ke6 52. Re3+ Kf7 53. Rd3 Ra5 54. Rd7+ Kg6 55. Rc7 Rh5+ 56. Kg1 Re5 57. Rxa7 Rf5 58. Ra3 Rg5 59. Rf3 Kg7 60. Rf2 Kg6 61. Re2 Kg7 62. Re3 Kg6 63. g4 Rh5 64. gxh5+ Kh6 65. Rf3 Kh7 66. Rf2 Kh8 67. Rf5 Kh7 68. h6 1-0

[Event "Wch U16"]
[Site "Vung Tau"]
[Date "2008.10.28"]
[Round "9"]
[White "Dole, Anant"]
[Black "Bar, Andrey"]
[Result "1-0"]
[WhiteElo "1997"]
[BlackElo "2101"]
[PlyCount "79"]
[EventDate "2008.10.20"]
[EventType "swiss"]
[EventRounds "11"]
[EventCountry "VIE"]
[SourceTitle "EXT 2009"]
[Source "ChessBase"]
[SourceDate "2008.11.26"]
[SourceVersion "1"]
[SourceVersionDate "2008.11.26"]
[SourceQuality "1"]

1. e4 c5 2. Nf3 d6 3. d4 cxd4 4. Nxd4 Nf6 5. Nc3 a6 6. Be3 e5 7. Nb3 Be7 8. f3 0-0 9. Qd2 Be6 10. 0-0-0 Nbd7 11. g4 b5 12. g5 b4 13. Ne2 Ne8 14. f4 a5 15. f5 a4 16. Nbd4 b3 17. Kb1 exd4 18. Nxd4 bxc2+ 19. Nxc2 Bb3 20. axb3 axb3 21. Na3 Ne5 22. h4 Ra4 23. Qc3 Qa8 24. Bg2 Nc7 25. Qxc7 Rc8 26. Qxe7 Rxa3 27. bxa3 Nc4 28. Qa7 Nxa3+ 29. Kb2 Rc2+ 30. Kxa3 Ra2+ 31. Kxb3 Rxa7 32. Bxa7 Qxa7 33. Ra1 Qe3+ 34. Kc4 Kf8 35. Rhb1 Qe2+ 36. Kd5 Qd3+ 37. Kc6 Qc4+ 38. Kd7 f6 39. g6 hxg6 40. fxg6 1-0

[Event "Wch U16"]
[Site "Vung Tau"]
[Date "2008.10.24"]
[Round "6"]
[White "Nuri, Kambez"]
[Black "Dole, Anant"]
[Result "1-0"]
[WhiteElo "2179"]
[BlackElo "1997"]
[PlyCount "127"]
[EventDate "2008.10.20"]
[EventType "swiss"]
[EventRounds "11"]
[EventCountry "VIE"]
[SourceTitle "EXT 2009"]
[Source "ChessBase"]
[SourceDate "2008.11.26"]
[SourceVersion "1"]
[SourceVersionDate "2008.11.26"]
[SourceQuality "1"]

1. e4 e6 2. d4 d5 3. Nc3 Bb4 4. e5 c5 5. a3 Bxc3+ 6. bxc3 Ne7 7. Qg4 0-0 8. Bd3 Nbc6 9. Bg5 Qa5 10. Ne2 Ng6 11. 0-0 Qa4 12. f3 c4 13. Bxg6 fxg6 14. Ra2 b5 15. h4 Qa5 16. h5 gxh5 17. Qxh5 Bd7 18. Kf2 Rf5 19. Qg4 Raf8 20. Bf6 R5xf6 21. exf6 Rxf6 22. Qg3 Be8 23. Qd6 Qb6 24. Rb1 Qd8 25. Qxd8 Nxd8 26. a4 a6 27. axb5 Bxb5 28. Re1 Nc6 29. Ng3 Kf7 30. Raa1 g6 31. Nf1 Ke7 32. Ne3 Kd6 33. Re2 h5 34. Rd2 Ne7 35. g4 h4 36. g5 Rf8 37. Rh1 Rh8 38. Ng4 Nf5 39. Rdd1 Rf8 40. Ne5 Ng3 41. Rxh4 Ne4+ 42. Kg2 Nxc3 43. Re1 a5 44. Rh6 Rf4 45. Rxg6 Rxd4 46. Nf7+ Ke7 47. Nh6 Rd2+ 48. Kf1 Bd7 49. Rg7+ Kd6 50. Nf7+ Kc5 51. Nd8 Bb5 52. Nxe6+ Kb4 53. Rb7 Nd1 54. Nc7 d4 55. Rxb5+ Kc3 56. g6 Ne3+ 57. Rxe3+ dxe3 58. g7 Rd8 59. Ke2 Kxc2 60. Rxa5 Rg8 61. Ne6 c3 62. Kxe3 Kc1 63. Rc5 c2 64. Ke4 1-0

[Event "Wch U16"]
[Site "Vung Tau"]
[Date "2008.10.23"]
[Round "5"]
[White "Dole, Anant"]
[Black "Ivekovic, Zvonimir"]
[Result "0-1"]
[WhiteElo "1997"]
[BlackElo "2270"]
[PlyCount "58"]
[EventDate "2008.10.20"]
[EventType "swiss"]
[EventRounds "11"]
[EventCountry "VIE"]
[SourceTitle "EXT 2009"]
[Source "ChessBase"]
[SourceDate "2008.11.26"]
[SourceVersion "1"]
[SourceVersionDate "2008.11.26"]
[SourceQuality "1"]

1. e4 c5 2. Nf3 d6 3. d4 cxd4 4. Nxd4 Nf6 5. Nc3 a6 6. Be3 e5 7. Nb3 Be6 8. f3 Be7 9. Qd2 0-0 10. 0-0-0 a5 11. Bb5 Na6 12. Qe2 Qb8 13. Bb6 Nc7 14. Bxc7 Qxc7 15. g4 Rfc8 16. Kb1 Nd7 17. a4 Nb6 18. Nd5 Nxd5 19. exd5 Bd7 20. Bd3 b5 21. axb5 a4 22. Nc1 a3 23. Qe4 f5 24. Qb4 Bxb5 25. Bxf5 Bd7 26. Qc3 axb2 27. Qxb2 Bxf5 28. gxf5 Bf6 29. Rhg1 e4 0-1

[Event "New Delhi Parsvnath op 6th"]
[Site "New Delhi"]
[Date "2008.01.18"]
[Round "8"]
[White "Dole, Anant"]
[Black "Singh, Rishipal S"]
[Result "1-0"]
[WhiteElo "1879"]
[BlackElo "2282"]
[PlyCount "127"]
[EventDate "2008.01.13"]
[EventType "swiss"]
[EventRounds "10"]
[EventCountry "IND"]
[SourceTitle "CBM 122 Extra"]
[Source "ChessBase"]
[SourceDate "2008.03.04"]
[SourceVersion "1"]
[SourceVersionDate "2008.03.04"]
[SourceQuality "1"]

1. e4 e5 2. Nf3 Nc6 3. Bb5 a6 4. Ba4 Nf6 5. 0-0 Be7 6. Re1 b5 7. Bb3 d6 8. c3 0-0 9. h3 Nb8 10. d4 Nbd7 11. Nbd2 Bb7 12. Bc2 Re8 13. Nf1 Bf8 14. Ng3 g6 15. a4 Bg7 16. Bd3 c6 17. Be3 Qc7 18. dxe5 dxe5 19. Qc1 Nf8 20. c4 b4 21. c5 a5 22. Nd2 Red8 23. Bc4 Bc8 24. Qc2 h6 25. Rad1 Nd5 26. exd5 cxd5 27. Bb3 d4 28. Bxh6 Bxh6 29. Nc4 Bg7 30. Nb6 Ra7 31. Nxc8 Qxc8 32. Ne4 Ne6 33. Rd3 Rc7 34. Rf3 Nf4 35. Qb1 Qd7 36. Nd6 Rf8 37. Rxf4 exf4 38. Qxg6 Rxc5 39. Nxf7 Rxf7 40. Bxf7+ Qxf7 41. Re8+ Qxe8 42. Qxe8+ Kh7 43. Qe4+ Kg8 44. Qd3 Kf7 45. g3 fxg3 46. fxg3 Re5 47. Kf2 Bf6 48. h4 Re3 49. Qc4+ Kg6 50. Qg8+ Kf5 51. g4+ Kf4 52. g5 Be5 53. Qd5 Kg4 54. Qc4 Kh3 55. Qc1 Bg3+ 56. Kf1 Kxh4 57. g6 Be5 58. Qd1 Kg3 59. Qh5 d3 60. Qg5+ Kf3 61. Qg2+ Kf4 62. g7 Rf3+ 63. Qxf3+ Kxf3 64. g8Q 1-0

[Event "New Delhi Parsvnath op 6th"]
[Site "New Delhi"]
[Date "2008.01.16"]
[Round "6"]
[White "Dole, Anant"]
[Black "Vishnu, Prasanna V"]
[Result "0-1"]
[WhiteElo "1879"]
[BlackElo "2340"]
[PlyCount "136"]
[EventDate "2008.01.13"]
[EventType "swiss"]
[EventRounds "10"]
[EventCountry "IND"]
[SourceTitle "CBM 122 Extra"]
[Source "ChessBase"]
[SourceDate "2008.03.04"]
[SourceVersion "1"]
[SourceVersionDate "2008.03.04"]
[SourceQuality "1"]

1. e4 c5 2. Nf3 d6 3. d4 cxd4 4. Nxd4 Nf6 5. Nc3 a6 6. Be3 Ng4 7. Bg5 h6 8. Bh4 g5 9. Bg3 Bg7 10. h3 Ne5 11. f3 Nbc6 12. Bf2 Ng6 13. Qd2 Nxd4 14. Bxd4 Bxd4 15. Qxd4 Be6 16. 0-0-0 Qa5 17. Kb1 Rc8 18. Nd5 Qc5 19. c4 Qxd4 20. Rxd4 Ne5 21. h4 Rg8 22. hxg5 hxg5 23. Be2 Ng6 24. g3 Kf8 25. Rh7 Bxd5 26. Rxd5 Ne5 27. b3 Nd7 28. Rd4 Nf6 29. Rh1 Kg7 30. g4 Rh8 31. Rdd1 Nd7 32. Kc2 Ne5 33. Kd2 Ng6 34. Ke3 Nh4 35. Rdg1 Rh6 36. Bf1 Kf6 37. Rh3 Ke5 38. Rgh1 Rch8 39. R1h2 e6 40. a4 a5 41. Rh1 Rc8 42. R1h2 Rhh8 43. Rb2 Ng6 44. Rxh8 Rxh8 45. b4 axb4 46. Rxb4 Rh1 47. Rb5+ Kf6 48. Bd3 Re1+ 49. Kd2 Ra1 50. Rxb7 Rxa4 51. Rb6 Ke5 52. Rb7 f6 53. Ke3 Nf4 54. Rb3 Ra2 55. Bf1 Ra1 56. Kf2 Kd4 57. Rb6 Ra2+ 58. Kg1 Ke3 59. Rb3+ Kd4 60. Rb6 Kc5 61. Rb5+ Kc6 62. Rb3 Ng6 63. Re3 Ne5 64. Be2 Kc5 65. Kf1 Ng6 66. Bd1 Nf4 67. Bb3 Ra3 68. Kf2 Kd4 0-1